Score 0/30 Timer 05:00
1 Play Today
% Correct
James
95.1%
Jim
93%
Jimmy
92.5%
James
91.5%
James
91.5%
Jimmy
91.5%
James
91.4%
James
91%
Jimmy
88.5%
James
87.2%
Jim
86%
Jimmy
84.1%
James
83.4%
James
82.6%
Jimmy
82.5%
% Correct
James
81.5%
James
79.4%
Jim
78.7%
Jimmy
75.3%
Jim
75%
Jim
73.3%
Jim
68.6%
Jim
68.2%
Jimmy
63.2%
Jim
62.7%
Jim
58.9%
Jimmy
58.6%
Jimmy
56%
Jim
53.6%
Jimmy
50.8%
Remove Ads.
Support Sporcle.
Get the best of Sporcle when you Go Orange. This ad-free experience offers more features, more stats, and more fun while also helping to support Sporcle. Thank you for becoming a member.

You're not logged in!

Compare scores with friends on all Sporcle quizzes.
OR
Log In

Show Comments

Extras

Top Quizzes Today


Score Distribution

Your Account Isn't Verified!

In order to create a playlist on Sporcle, you need to verify the email address you used during registration. Go to your Sporcle Settings to finish the process.

Report this User

Report this user for behavior that violates our Community Guidelines.

Details: